000 00506nam a2200217Ia 4500
003 OSt
005 20221005120136.0
006 a|||||r|||| 00| 0
007 ta
008 221004b |||||||| |||| 00| 0 eng d
024 _a118726
037 _cTextual
040 _aCRL
_cCRL
_beng
041 _2eng
_aeng
100 _aFanshawe H C
_9104478
245 0 _aDelhi past & present
260 _c1902
650 _aGENERAL
_9592526
942 _cTEXL
_2cc
999 _c1036972
_d1036972